Statistics for Vince McMahon trivia

Click here to take the quiz!

General Stats

  • This quiz has been taken 101 times
  • The average score is 14 of 24

Answer Stats

HintAnswer% Correct
What is Vince McMahon's middle name?Kennedy
98%
What is the name of Vince's son?Shane
84%
What is the name of Vince's daugter?Stephanie
84%
What famous New York arena did McMahon use for the first Wrestlemania in 1985?Madison Square Garden
82%
What year did Vince purchase the World Wrestling Federation from his father?1982
76%
Who did McMahon have a legendary on-screen feud with for several years, beginning in 1998?Stone Cold Steve Austin
76%
What year did McMahon win the Royal Rumble?1999
72%
At Survivor Series 1997, who did Vince "screw" out of the WWF Championship?Bret "the Hitman" Hart
72%
Who did Vince recruit from the American Wrestling Association in late 1983 to become his top star?Hulk Hogan
72%
What was he company called before Vince convinced his father to change the name in 1979?World Wide Wrestling Federation
70%
What on-screen role did Vince often play throughout the 1980's and early 1990's?play-by-play commentator
66%
Vince's on-screen "death" due to a limousine explosion in 2007 was canceled due to whose real-life death?Chris Benoit
64%
What year did Vince and Linda marry?1966
62%
Who did Vince have an on-screen affair with in 2001?Trish Stratus
60%
What company did McMahon launch in 2001 that failed after just one year?XFL
60%
Who became the on-screen co-owner of the company with Vince in 2001?Ric Flair
56%
Who did McMahon defeat to become WWF Champion in 1999, thanks to outside interference?Triple H
54%
Who represented Vince McMahon in the "Battle of the Billionaires" match at WrestleMania 23?Umaga
54%
What organization did McMahon withdraw his company from in 1983?National Wrestling Alliance
46%
What magazine was McMahon featured on the cover of in March 2006, at age 60?Muscle & Fitness
32%
Who outed Vince McMahon as the owner of the WWF on air in 1996?Jim Ross
26%
What company did McMahon found in 1990, which lasted until 1993?World Bodybuilding Federation
20%
What last name (belonging to his then stepfather) was Vince using when he first met his future wife Linda?Lupton
14%
Who accused Vince McMahon of raping her in 1992 on Geraldo Rivera's TV show?Rita Chatterton
12%

Score Distribution

Percentile by Number Answered

Percent of People with Each Score

Your Score History

You have not taken this quiz